[Event "16th Dubai Open 2014"]
[Site "Dubai UAE"]
[Date "2014.04.14"]
[Round "8.13"]
[White "Pourramezanali, Amirreza"]
[Black "Akopian, Vladimir"]
[Result "1/2-1/2"]
[WhiteElo "2435"]
[BlackElo "2674"]
[PlyCount "81"]
[EventDate "2014.04.07"]

1. e4 g6 2. d4 c6 3. Nc3 d6 4. Be3 Bg7 5. Qd2 b5 6. Bd3 Qc7 7. Nf3 Bg4 8. Ne2
Nf6 9. Bh6 Bxh6 10. Qxh6 Bxf3 11. gxf3 Qa5+ 12. c3 b4 13. f4 bxc3 14. bxc3 Nbd7
15. O-O e5 16. fxe5 dxe5 17. Rab1 Ke7 18. f4 exd4 19. e5 Nd5 20. Qh4+ Ke8 21.
e6 Nc5 22. exf7+ Kd7 23. cxd4 Nxd3 24. Rb7+ Nc7 25. Rd1 Nb4 26. Qh3+ Qf5 27.
Qxf5+ gxf5 28. Rxb4 Rhf8 29. Nc3 Rxf7 30. d5 cxd5 31. Nxd5 Ke6 32. Rb7 Nxd5 33.
Rxf7 Kxf7 34. Rxd5 Kg6 35. Ra5 Kh5 36. Rxf5+ Kg4 37. Ra5 Kxf4 38. Kg2 Kg4 39.
h3+ Kh4 40. Kh2 a6 41. Ra4+ 1/2-1/2

[Event "16th Dubai Open 2014"]
[Site "Dubai UAE"]
[Date "2014.04.14"]
[Round "8.14"]
[White "Kanter, Eduard"]
[Black "Istratescu, Andrei"]
[Result "0-1"]
[WhiteElo "2406"]
[BlackElo "2667"]
[PlyCount "84"]
[EventDate "2014.04.07"]

1. d4 e6 2. Nf3 c5 3. g3 b5 4. Bg2 Bb7 5. O-O Nf6 6. Nbd2 d5 7. a4 b4 8. c4
Nbd7 9. a5 Rc8 10. cxd5 Bxd5 11. Re1 Be7 12. e4 Ba8 13. e5 Nd5 14. Ne4 h6 15.
dxc5 Nxc5 16. Nxc5 Rxc5 17. Nd4 h5 18. Nb3 Rc7 19. h4 g6 20. Qe2 Qd7 21. Bd2
Kf8 22. Rec1 Kg7 23. Rxc7 Nxc7 24. Bxa8 Rxa8 25. Qc4 Nd5 26. Rc1 Rh8 27. Qc6
Qd8 28. Rc4 Qb8 29. f4 Qd8 30. Rd4 Rf8 31. Qb5 Qa8 32. Qd3 Qc6 33. Rc4 Qa4 34.
Kg2 Rd8 35. Rd4 Qc6 36. Kh2 Rc8 37. Qe4 Qc2 38. Qxc2 Rxc2 39. Rd3 Rxb2 40. Nd4
Bc5 41. Kh1 Bxd4 42. Rxd4 b3 0-1

[Event "16th Dubai Open 2014"]
[Site "Dubai UAE"]
[Date "2014.04.14"]
[Round "8.15"]
[White "Mchedlishvili, Mikheil"]
[Black "Ashwin, Jayaram"]
[Result "1-0"]
[WhiteElo "2628"]
[BlackElo "2454"]
[PlyCount "79"]
[EventDate "2014.04.07"]

1. d4 Nf6 2. g3 d5 3. Bg2 c6 4. Nf3 Bf5 5. c4 e6 6. Nc3 h6 7. Qb3 Qb6 8. c5 Qc7
9. O-O Be7 10. Bf4 Qc8 11. Qa4 Nbd7 12. b4 Ne4 13. Rfc1 O-O 14. b5 Bf6 15. Nxe4
Bxe4 16. Bd6 Re8 17. Ne5 Bxe5 18. dxe5 Bg6 19. bxc6 bxc6 20. Rc3 a5 21. e3 Ra7
22. Rac1 Rb7 23. Qxa5 Rb5 24. Qa7 f6 25. exf6 Nxf6 26. Rb3 Rxb3 27. axb3 Bd3
28. Be5 Nd7 29. Bb2 Re7 30. Ra1 Qe8 31. b4 Qh5 32. Qa8+ Kh7 33. Qxc6 Qe2 34.
Bf1 Qxb2 35. Bxd3+ g6 36. Ra7 Rf7 37. f4 Qxb4 38. Rxd7 Qe1+ 39. Kg2 Qd2+ 40.
Kh3 1-0

[Event "16th Dubai Open 2014"]
[Site "Dubai UAE"]
[Date "2014.04.14"]
[Round "8.16"]
[White "Raes, Abdul Kader"]
[Black "Iordachescu, Viorel"]
[Result "1/2-1/2"]
[WhiteElo "2248"]
[BlackElo "2601"]
[PlyCount "75"]
[EventDate "2014.04.07"]

1. d4 Nf6 2. c4 e6 3. Nf3 b6 4. g3 Ba6 5. b3 b5 6. Bg2 bxc4 7. Ne5 Bb4+ 8. Bd2
cxb3 9. axb3 Bxd2+ 10. Qxd2 c6 11. O-O O-O 12. Nc3 Qc8 13. Rfc1 d6 14. Nc4 Bxc4
15. bxc4 Nbd7 16. g4 Rd8 17. g5 Ne8 18. Ra3 a6 19. Ne4 d5 20. cxd5 exd5 21. g6
hxg6 22. Ng5 Ndf6 23. Qf4 Ra7 24. Bh3 Qa8 25. Qh4 Rd6 26. Re3 a5 27. f4 Qd8 28.
f5 gxf5 29. Bxf5 g6 30. Qh6 Ng7 31. Rh3 Ngh5 32. Rxh5 Nxh5 33. Qh7+ Kf8 34.
Qh8+ Ke7 35. Qe5+ Kf8 36. Qh8+ Ke7 37. Qe5+ Kf8 38. Qh8+ 1/2-1/2

[Event "16th Dubai Open 2014"]
[Site "Dubai UAE"]
[Date "2014.04.14"]
[Round "8.17"]
[White "Volkov, Sergey"]
[Black "Shyam, Sundar M"]
[Result "0-1"]
[WhiteElo "2600"]
[BlackElo "2481"]
[PlyCount "94"]
[EventDate "2014.04.07"]

1. d4 d6 2. c4 e5 3. Nf3 e4 4. Ng5 f5 5. Nc3 Be7 6. Nh3 Nf6 7. Bg5 O-O 8. e3 c5
9. Nf4 Nc6 10. d5 Ne5 11. h4 h6 12. Bxf6 Bxf6 13. h5 Nf7 14. Qb3 Ng5 15. Be2 a6
16. O-O Rb8 17. a3 Rf7 18. Rfc1 b6 19. Qc2 Rc7 20. Qd2 Bd7 21. Ra2 Rbc8 22. b3
Qe8 23. Rac2 b5 24. Na2 Rb8 25. Rd1 Be5 26. Ng6 Bf6 27. Nf4 Be5 28. Re1 Qc8 29.
Qa5 Bf6 30. Rec1 Bd8 31. Qd2 Bf6 32. b4 bxc4 33. bxc5 Rxc5 34. Rxc4 Rb2 35.
Rxc5 dxc5 36. Rc2 Rb1+ 37. Kh2 Be5 38. d6 Qe8 39. Qd5+ Kh7 40. Rxc5 Bxf4+ 41.
exf4 Be6 42. d7 Nf3+ 43. Bxf3 Qd8 44. Bd1 Bxd5 45. Rxd5 Rb2 46. Nb4 Qh4+ 47.
Kg1 Qxf2+ 0-1

[Event "16th Dubai Open 2014"]
[Site "Dubai UAE"]
[Date "2014.04.14"]
[Round "8.18"]
[White "Lalith, Babu M.R"]
[Black "Grover, Sahaj"]
[Result "1-0"]
[WhiteElo "2594"]
[BlackElo "2475"]
[PlyCount "117"]
[EventDate "2014.04.07"]

1. d4 f5 2. g3 Nf6 3. Bg2 g6 4. Nf3 Bg7 5. O-O O-O 6. c4 d6 7. Nc3 c6 8. Rb1 a5
9. b3 Na6 10. Bb2 Qc7 11. Rc1 Bd7 12. Qd2 Rfe8 13. Rfd1 e5 14. Nb5 cxb5 15.
cxb5 Qb6 16. bxa6 e4 17. axb7 Qxb7 18. Ne5 a4 19. Nc4 Ra6 20. Ba3 Qd5 21. Qb4
axb3 22. Nb6 Qf7 23. Nc4 Qd5 24. axb3 Qa8 25. Bb2 Rb8 26. Qc3 Nd5 27. Qc2 Rxb3
28. Qxb3 Ba4 29. Qa2 Bxd1 30. Ba3 Ba4 31. Ne3 Bc6 32. Rxc6 Rxc6 33. Qxd5+ Kh8
34. Bb2 Ra6 35. Qb3 Qd8 36. d5 Qc7 37. Bxg7+ Kxg7 38. Qb2+ Kg8 39. Qf6 Qf7 40.
Qd8+ Kg7 41. Bf1 Qf6 42. Qd7+ Qf7 43. Qd8 Qf6 44. Qb8 Qf7 45. Bh3 Qa7 46. Qd8
Qf7 47. Kg2 h6 48. Nc2 Ra2 49. Nd4 Qxd5 50. Qe7+ Kg8 51. e3 Qe5 52. Qb7 Ra1 53.
Nc6 Qf6 54. Ne7+ Kf8 55. Nd5 Qe5 56. Nf4 Qf6 57. Qh7 g5 58. Ng6+ Ke8 59. Bxf5
1-0

[Event "16th Dubai Open 2014"]
[Site "Dubai UAE"]
[Date "2014.04.14"]
[Round "8.19"]
[White "Jankovic, Alojzije"]
[Black "Das, Sayantan"]
[Result "1-0"]
[WhiteElo "2554"]
[BlackElo "2371"]
[PlyCount "57"]
[EventDate "2014.04.07"]

1. d4 d5 2. c4 e6 3. Nf3 Nf6 4. Nc3 Bb4 5. cxd5 exd5 6. Bg5 h6 7. Bh4 c5 8. e3
c4 9. Nd2 g5 10. Bg3 Nc6 11. Qc2 Qe7 12. Be2 O-O 13. h4 Rd8 14. hxg5 hxg5 15.
O-O-O b5 16. Rh6 Bxc3 17. bxc3 Kg7 18. Rdh1 Qa3+ 19. Kb1 Be6 20. Be5 Nxe5 21.
dxe5 Ne4 22. Nxe4 dxe4 23. Rxe6 fxe6 24. Qxe4 Rh8 25. Qb7+ Kg6 26. Bh5+ Kf5 27.
f4 gxf4 28. Qf7+ Ke4 29. Qxf4+ 1-0

[Event "16th Dubai Open 2014"]
[Site "Dubai UAE"]
[Date "2014.04.14"]
[Round "8.21"]
[White "Carlsson, Pontus"]
[Black "Karthik, V.   AP."]
[Result "1-0"]
[WhiteElo "2486"]
[BlackElo "2250"]
[PlyCount "121"]
[EventDate "2014.04.07"]

1. e4 c5 2. Nf3 e6 3. c3 d5 4. exd5 exd5 5. d4 Nc6 6. Bb5 Bd6 7. dxc5 Bxc5 8.
O-O Nge7 9. Nbd2 O-O 10. Nb3 Bd6 11. Bd3 Bf5 12. Bxf5 Nxf5 13. Qd3 Qd7 14. Rd1
Rad8 15. Bg5 f6 16. Bh4 Nxh4 17. Nxh4 Bc7 18. Nf5 Bb6 19. a4 a6 20. a5 Ba7 21.
Ne3 Bxe3 22. Qxe3 Rfe8 23. Qd2 Ne5 24. Nd4 Nc4 25. Qc2 Qc7 26. b4 Qe5 27. h3
Nd6 28. Rd3 Rc8 29. Rad1 Ne4 30. Re3 Qc7 31. Ne2 Qc4 32. Rd4 Qb5 33. Qd3 Qxd3
34. Rdxd3 Nd6 35. Rxe8+ Rxe8 36. Rxd5 Nb5 37. Kf1 Re7 38. Rd3 Rc7 39. Ke1 Kf7
40. Kd2 Na3 41. Rd4 Nc4+ 42. Kd3 Ne5+ 43. Kd2 Nc4+ 44. Kc2 Ne5 45. Kb3 Nc6 46.
Rd2 g5 47. Ng3 Ke6 48. Ne4 Ke5 49. Re2 Kf5 50. Nd6+ Kg6 51. Re6 h5 52. Nxb7 Kf5
53. Rd6 Ke5 54. g3 g4 55. hxg4 hxg4 56. Ka4 Ne7 57. Rb6 Nd5 58. Nc5 Nxc3+ 59.
Kb3 Nd1 60. Re6+ Kf5 61. Re1 1-0

[Event "16th Dubai Open 2014"]
[Site "Dubai UAE"]
[Date "2014.04.14"]
[Round "8.22"]
[White "Ravi, Teja S"]
[Black "Debashis, Das"]
[Result "0-1"]
[WhiteElo "2354"]
[BlackElo "2504"]
[PlyCount "50"]
[EventDate "2014.04.07"]

1. Nf3 d5 2. d4 Nf6 3. c4 e6 4. Nc3 c6 5. cxd5 exd5 6. Bg5 h6 7. Bh4 Bf5 8. Qb3
g5 9. Bg3 Qb6 10. Nd2 Nbd7 11. h3 Qxb3 12. Nxb3 Bb4 13. Nd2 c5 14. dxc5 O-O 15.
Bd6 d4 16. Nb5 Ne4 17. O-O-O Ndxc5 18. Bxf8 Rc8 19. Nc4 Kxf8 20. Nxd4 Bg6 21.
e3 Nxf2 22. a3 Ncd3+ 23. Bxd3 Nxd3+ 24. Kc2 Nc5+ 25. Kc1 Nb3+ 0-1

[Event "16th Dubai Open 2014"]
[Site "Dubai UAE"]
[Date "2014.04.14"]
[Round "8.23"]
[White "Lupulescu, Constantin"]
[Black "Mohannad, Farhan"]
[Result "1-0"]
[WhiteElo "2660"]
[BlackElo "2313"]
[PlyCount "111"]
[EventDate "2014.04.07"]

1. d4 Nf6 2. c4 g6 3. Nc3 Bg7 4. e4 d6 5. f3 O-O 6. Be3 e5 7. Nge2 c6 8. Qd2
Nbd7 9. d5 Nb6 10. Ng3 h5 11. Bd3 Bd7 12. dxc6 bxc6 13. c5 dxc5 14. Bxc5 Be6
15. Bxf8 Bxf8 16. Ba6 Qc7 17. O-O h4 18. Nh1 Nh5 19. Nf2 Bc5 20. Ne2 Qe7 21.
Rac1 Rd8 22. Qc3 Nd7 23. Rfd1 Bb6 24. Kf1 Qg5 25. Rd3 Rb8 26. b4 Nf4 27. Nxf4
Qxf4 28. Bc4 Nf8 29. Bxe6 Nxe6 30. Ng4 Bd4 31. Qd2 f5 32. exf5 gxf5 33. Rxc6
Qxd2 34. Rxd2 Kf7 35. Nf2 Rxb4 36. Nd3 Rb1+ 37. Rc1 Rb8 38. Re2 Kf6 39. g3 h3
40. Rc6 Ke7 41. Re1 Rb5 42. Ke2 Ra5 43. Rc2 Ra3 44. Kd2 Kd6 45. Rf1 a5 46. Nb2
Kd5 47. Nc4 Ra4 48. Rfc1 Ng5 49. Ke2 Rb4 50. Ne3+ Bxe3 51. Kxe3 Ne6 52. Rd2+
Nd4 53. f4 Ke6 54. Rc5 Kf7 55. Rxe5 Nc6 56. Rxf5+ 1-0

[Event "16th Dubai Open 2014"]
[Site "Dubai UAE"]
[Date "2014.04.14"]
[Round "8.24"]
[White "Jumabayev, Rinat"]
[Black "Tabatabaei, M.amin"]
[Result "0-1"]
[WhiteElo "2580"]
[BlackElo "2298"]
[PlyCount "82"]
[EventDate "2014.04.07"]

1. e4 e5 2. Nf3 Nc6 3. Bb5 Nf6 4. O-O Nxe4 5. d4 Nd6 6. Bxc6 dxc6 7. dxe5 Nf5
8. Qxd8+ Kxd8 9. Nc3 Bd7 10. h3 h6 11. b3 Kc8 12. Bb2 b6 13. Rfd1 Ne7 14. a4 a5
15. Rd2 c5 16. Rad1 Be6 17. Ne2 Ng6 18. Ng3 Be7 19. Nh5 Rg8 20. g4 Bg5 21. Nxg5
hxg5 22. c4 Nf4 23. Nxf4 gxf4 24. f3 Rh8 25. Rh2 Kb7 26. Bc1 Rad8 27. Rxd8 Rxd8
28. Rd2 Rh8 29. Kg2 g5 30. Rd3 Kc8 31. Bd2 Bd7 32. Bc3 Rh6 33. Be1 Re6 34. Bc3
Rh6 35. Be1 Re6 36. h4 gxh4 37. Bc3 Bc6 38. Kh3 Re7 39. e6 Rxe6 40. Kxh4 Rd6
41. Rxd6 cxd6 0-1

[Event "16th Dubai Open 2014"]
[Site "Dubai UAE"]
[Date "2014.04.14"]
[Round "8.25"]
[White "Deshpande, Aniruddha"]
[Black "Mastrovasilis, Athanasios"]
[Result "0-1"]
[WhiteElo "2287"]
[BlackElo "2535"]
[PlyCount "60"]
[EventDate "2014.04.07"]

1. e4 c5 2. c3 d5 3. exd5 Qxd5 4. d4 Nc6 5. Nf3 Bf5 6. Be3 Nf6 7. Nbd2 cxd4 8.
Bc4 dxe3 9. Bxd5 exd2+ 10. Qxd2 O-O-O 11. Qf4 Rxd5 12. c4 g5 13. Qxg5 Ra5 14.
Qe3 Rg8 15. O-O Bh3 16. g3 Bxf1 17. Rxf1 e6 18. a3 Rf5 19. b4 Rg4 20. b5 Bc5
21. Qd3 Nd4 22. Nh4 Re5 23. Kh1 Rge4 24. Kg2 Re2 25. Kg1 Ne4 26. a4 Rd2 27. Qb1
Ng5 28. Kg2 Ree2 29. a5 Ndf3 30. Nxf3 Rxf2+ 0-1

[Event "16th Dubai Open 2014"]
[Site "Dubai UAE"]
[Date "2014.04.14"]
[Round "8.26"]
[White "Abhishek, Kelkar"]
[Black "Ghosh, Diptayan"]
[Result "1/2-1/2"]
[WhiteElo "2300"]
[BlackElo "2485"]
[PlyCount "88"]
[EventDate "2014.04.07"]

1. d4 d5 2. Nf3 Nf6 3. c4 c6 4. Nc3 dxc4 5. a4 Bf5 6. Ne5 Nbd7 7. Nxc4 Nb6 8.
Ne5 a5 9. e3 Nbd7 10. Bd3 Bxd3 11. Nxd3 e6 12. O-O Be7 13. Qb3 Qb6 14. Qxb6
Nxb6 15. b3 Nbd7 16. Ba3 Bxa3 17. Rxa3 Ke7 18. Rc1 Rhc8 19. Nb1 c5 20. dxc5 e5
21. c6 Rxc6 22. Rxc6 bxc6 23. Ra2 e4 24. Nc1 Nd5 25. Rc2 Nb4 26. Rc4 f5 27. Kf1
Ne5 28. Rc3 g5 29. Ne2 Rd8 30. Nd4 Rd5 31. Ke2 Kf6 32. Nd2 c5 33. Nb5 Ned3 34.
Nc4 Na2 35. Rc2 Ndc1+ 36. Ke1 Nd3+ 37. Kf1 Nab4 38. Rd2 Nc6 39. Nbd6 Nce5 40.
Nxe5 Rxd6 41. Nc4 Ra6 42. f3 Ke6 43. g4 fxg4 44. fxe4 Ne5 1/2-1/2

[Event "16th Dubai Open 2014"]
[Site "Dubai UAE"]
[Date "2014.04.14"]
[Round "8.27"]
[White "Al-Hadarani, Hatim"]
[Black "Demuth, Adrien"]
[Result "0-1"]
[WhiteElo "2249"]
[BlackElo "2482"]
[PlyCount "66"]
[EventDate "2014.04.07"]

1. Nf3 Nf6 2. b3 g6 3. Bb2 Bg7 4. c4 O-O 5. Nc3 d5 6. e3 c5 7. cxd5 Nxd5 8. Be2
Nxc3 9. Bxc3 Bxc3 10. dxc3 Nc6 11. Qc2 Qc7 12. h4 Bf5 13. e4 Bg4 14. h5 Bxh5
15. Qc1 Bxf3 16. Qh6 Bh5 17. f4 f5 18. exf5 Rxf5 19. g4 Rxf4 20. gxh5 Qe5 21.
Rh3 g5 22. Rg3 Rf5 23. O-O-O Qxg3 24. Qe6+ Rf7 25. Bc4 Raf8 26. Qd7 Kg7 27. h6+
Kxh6 28. Kb1 Rf6 29. Bd3 Kg7 30. Qd5 Qe5 31. Qh1 h6 32. Bc2 Qe2 33. Bd3 Qxd3+
0-1

[Event "16th Dubai Open 2014"]
[Site "Dubai UAE"]
[Date "2014.04.14"]
[Round "8.28"]
[White "Tabada, Jobannie C"]
[Black "Vakhidov, Jahongir"]
[Result "1/2-1/2"]
[WhiteElo "2210"]
[BlackElo "2472"]
[PlyCount "229"]
[EventDate "2014.04.07"]

1. e4 c5 2. Nf3 Nc6 3. d4 cxd4 4. Nxd4 g6 5. c4 Bg7 6. Be3 Nf6 7. Nc3 O-O 8.
Be2 b6 9. O-O Bb7 10. f3 Nh5 11. Qd2 Nf4 12. Ndb5 Nxe2+ 13. Nxe2 Re8 14. Rad1
d6 15. b3 Qd7 16. Nf4 Rac8 17. Rfe1 Red8 18. Nd5 Ba6 19. Bg5 Re8 20. Be3 Ne5
21. a4 Nc6 22. Nb4 Bxb5 23. axb5 Na5 24. Rb1 Qe6 25. Red1 Be5 26. f4 Bg7 27.
Qd5 Qg4 28. h3 Qh4 29. Rf1 Qf6 30. Qd3 Qc3 31. Qxc3 Bxc3 32. Nd5 Bg7 33. Bd2 e6
34. Ne3 Nb7 35. Kf2 Nc5 36. Kf3 a5 37. bxa6 Nxa6 38. Rfd1 Red8 39. Be1 Rb8 40.
Bh4 f6 41. Ng4 Kf7 42. Ra1 Nc5 43. b4 Nb7 44. Ra6 Rdc8 45. Ne3 b5 46. cxb5 Rc3
47. Be1 Rc7 48. Rc6 Rd7 49. Nc4 Bf8 50. b6 Be7 51. Ra1 d5 52. exd5 exd5 53. Rc7
Ke6 54. Rd1 Rxc7 55. bxc7 Rc8 56. Ne3 Rxc7 57. f5+ gxf5 58. Nxd5 Rc2 59. Nf4+
Kf7 60. Rd7 Nd6 61. Ra7 Nb5 62. Rd7 Ke8 63. Rd5 Nd6 64. Ne6 Rb2 65. Nd4 Rb1 66.
Bg3 Nf7 67. b5 Ng5+ 68. Ke3 Bd8 69. Kd3 Ne4 70. Bf4 Rd1+ 71. Kc4 Rf1 72. g3 Bb6
73. Nxf5 Rh1 74. h4 Ra1 75. Nd6+ Nxd6+ 76. Rxd6 Bd8 77. b6 Rb1 78. Be3 Be7 79.
Rd3 Bd8 80. Rd6 Be7 81. Rd5 Rb4+ 82. Kc3 Rb1 83. Kc4 Rb4+ 84. Kc3 Rb1 85. Kc2
Rb4 86. Ra5 Bd8 87. Bc5 Rc4+ 88. Kd3 Rg4 89. Rb5 Rxg3+ 90. Ke2 Rg2+ 91. Kf3 Rc2
92. Bd6 Rc3+ 93. Kg4 Rc4+ 94. Bf4 Kf7 95. Kf5 Bxb6 96. Rxb6 Rc5+ 97. Kg4 Kg6
98. Ra6 Rb5 99. Rc6 Ra5 100. Rc7 Rb5 101. Ra7 Rc5 102. Ra8 Rb5 103. Kf3 Rb3+
104. Be3 Rb5 105. Rg8+ Kf7 106. Rg3 Ra5 107. Kg2 Rb5 108. Kh3 Ra5 109. Bd2 Rd5
110. Bc1 Rc5 111. Bd2 Rd5 112. Be3 Ra5 113. Bh6 Rh5 114. Bf4 Rb5 115. Bd2
1/2-1/2

[Event "16th Dubai Open 2014"]
[Site "Dubai UAE"]
[Date "2014.04.14"]
[Round "8.29"]
[White "Ivana Maria, Furtado"]
[Black "Melia, Salome"]
[Result "0-1"]
[WhiteElo "2204"]
[BlackElo "2459"]
[PlyCount "122"]
[EventDate "2014.04.07"]

1. d4 e6 2. c4 Bb4+ 3. Bd2 a5 4. Nc3 Nf6 5. Qc2 d6 6. a3 Bxc3 7. Bxc3 Qe7 8.
Nf3 Nbd7 9. b3 O-O 10. e3 b6 11. Bd3 Bb7 12. O-O c5 13. Nd2 Rfc8 14. dxc5 Rxc5
15. Ne4 Rh5 16. Ng3 Rh6 17. f3 Rc8 18. e4 Nh5 19. Bd2 g5 20. Nxh5 Rxh5 21. Be2
Qf6 22. Qc3 Qxc3 23. Bxc3 Rh6 24. f4 gxf4 25. Rxf4 Nc5 26. Bf3 Nxb3 27. Rb1 a4
28. Be2 e5 29. Rg4+ Rg6 30. Rxg6+ hxg6 31. Rd1 Rc6 32. Bb4 Nd4 33. Bg4 Rxc4 34.
Bxd6 f6 35. Rf1 Bxe4 36. Rxf6 Rc1+ 37. Kf2 Rc2+ 38. Ke3 Bf5 39. Bxe5 Rxg2 40.
Bxd4 Rxg4 41. Bxb6 Rh4 42. Bc7 Rc4 43. Ba5 Rc2 44. h4 Rh2 45. Be1 Rh3+ 46. Kf4
Rxa3 47. h5 Ra1 48. Bc3 Rf1+ 49. Kg5 Rg1+ 50. Kf4 Rg4+ 51. Kf3 Rc4 52. Be5 Bg4+
53. Ke3 gxh5 54. Rf4 Rc5 55. Rf8+ Kh7 56. Kf4 Rc6 57. Rf6 Rc4+ 58. Kg5 Rc5 59.
Rf7+ Kg8 60. Rg7+ Kf8 61. Kf6 Rxe5 0-1

[Event "16th Dubai Open 2014"]
[Site "Dubai UAE"]
[Date "2014.04.14"]
[Round "8.30"]
[White "Momeni, E."]
[Black "Swapnil, S. Dhopade"]
[Result "0-1"]
[WhiteElo "2194"]
[BlackElo "2438"]
[PlyCount "90"]
[EventDate "2014.04.07"]

1. d4 Nf6 2. Nf3 c5 3. c4 cxd4 4. Nxd4 Nc6 5. Nc2 e6 6. Nc3 d5 7. cxd5 exd5 8.
e3 Bd6 9. Be2 O-O 10. O-O Qe7 11. g3 Bh3 12. Re1 Rad8 13. b3 a6 14. Bb2 Rfe8
15. Bf1 Bxf1 16. Rxf1 Be5 17. Nd4 Bxd4 18. exd4 Ne4 19. Na4 Qf6 20. Rc1 Ng5 21.
Nc5 Re7 22. f4 Ne4 23. Kg2 Nxc5 24. Rxc5 Qe6 25. Qf3 f5 26. Rcc1 Qd6 27. Rfe1
Re4 28. Rxe4 dxe4 29. Qe3 Nxd4 30. Bxd4 Qxd4 31. Qxd4 Rxd4 32. Rc8+ Kf7 33.
Rc7+ Kf6 34. Rxb7 Rd2+ 35. Kf1 Rxa2 36. Rb6+ Kf7 37. h4 h5 38. Kg1 a5 39. Rb5
Ke6 40. Kf1 g6 41. Kg1 Kd6 42. Kf1 Kc6 43. Re5 Kb6 44. Re6+ Kc5 45. Rxg6 Kd4
0-1

[Event "16th Dubai Open 2014"]
[Site "Dubai UAE"]
[Date "2014.04.14"]
[Round "8.31"]
[White "Al Badani, Abdu"]
[Black "Nezad, Husein Aziz"]
[Result "0-1"]
[WhiteElo "2175"]
[BlackElo "2366"]
[PlyCount "120"]
[EventDate "2014.04.07"]

1. e4 e5 2. Nf3 Nc6 3. Bc4 Nf6 4. O-O Nxe4 5. Nc3 Nd6 6. Bb3 Be7 7. Re1 e4 8.
Nxe4 Nxe4 9. Rxe4 d5 10. Re1 O-O 11. c3 d4 12. Nxd4 Nxd4 13. cxd4 Bf6 14. d5 b5
15. d3 Bb7 16. Qf3 a5 17. a4 b4 18. Rb1 Qd7 19. Bf4 Rad8 20. Rec1 Bxd5 21. Bxd5
Qxd5 22. Bxc7 Qxf3 23. gxf3 Rd5 24. Rc4 h6 25. b3 Bd8 26. Rd1 Bxc7 27. Rxc7
Rfd8 28. Ra7 Rc8 29. Re1 Rxd3 30. Kg2 Rd5 31. h4 g6 32. Ree7 Rf5 33. Rec7 Rd8
34. Rd7 Rc8 35. Rdc7 Rxc7 36. Rxc7 Rd5 37. Ra7 Kg7 38. Kg3 Kf6 39. Kf4 g5+ 40.
hxg5+ Rxg5 41. Ra6+ Kg7 42. Rb6 Rc5 43. Rb5 Rxb5 44. axb5 a4 45. b6 axb3 46. b7
b2 47. b8=Q b1=Q 48. Ke3 b3 49. Qe5+ Kh7 50. Qd5 Qe1+ 51. Kf4 Qc1+ 52. Ke4 Qe1+
53. Kf4 Qe6 54. Qb7 Qf6+ 55. Ke3 b2 56. Kd2 Qf4+ 57. Ke2 Qc4+ 58. Kd2 Qc1+ 59.
Ke2 Qc2+ 60. Ke3 Kg7 0-1

[Event "16th Dubai Open 2014"]
[Site "Dubai UAE"]
[Date "2014.04.14"]
[Round "8.32"]
[White "Harshal, Shahi"]
[Black "Ekdyshman, Mikhail"]
[Result "1/2-1/2"]
[WhiteElo "2020"]
[BlackElo "2365"]
[PlyCount "93"]
[EventDate "2014.04.07"]

1. e4 e5 2. Nf3 Nc6 3. Bc4 Bc5 4. c3 Qf6 5. d3 h6 6. Nbd2 Nge7 7. Nf1 d6 8. Ng3
O-O 9. O-O Bg4 10. h3 Bxf3 11. Qxf3 Qxf3 12. gxf3 Rad8 13. Ne2 d5 14. Bb3 dxe4
15. dxe4 Rd3 16. Kg2 Ng6 17. Bc2 Rdd8 18. f4 exf4 19. Nxf4 Nh4+ 20. Kh1 Ne5 21.
b4 Bb6 22. Nd5 Nef3 23. a4 c6 24. Nxb6 axb6 25. Be3 b5 26. axb5 cxb5 27. Ra5
Rc8 28. Rxb5 Rxc3 29. Bd1 Rc7 30. Rh5 g5 31. Rxh6 f6 32. Bc5 Rff7 33. Bb3 Nd2
34. Bxf7+ Rxf7 35. Rxh4 gxh4 36. Rg1+ Rg7 37. Rxg7+ Kxg7 38. e5 fxe5 39. Kg2 e4
40. Be7 Nf3 41. Kf1 Kf7 42. Bd8 Ke8 43. Bf6 Kf7 44. Bd8 Ke8 45. Bf6 Kd7 46. Ke2
Ke6 47. Bd8 1/2-1/2

[Event "16th Dubai Open 2014"]
[Site "Dubai UAE"]
[Date "2014.04.14"]
[Round "8.33"]
[White "Krishna, C.R.G."]
[Black "Partac, Elena"]
[Result "1-0"]
[WhiteElo "2343"]
[BlackElo "2101"]
[PlyCount "63"]
[EventDate "2014.04.07"]

1. d4 Nf6 2. Nf3 e6 3. e3 b6 4. Bd3 Bb7 5. O-O c5 6. c4 Be7 7. Nc3 cxd4 8. exd4
d6 9. d5 e5 10. Nh4 g6 11. Bh6 Bf8 12. Bxf8 Kxf8 13. Qd2 Ng4 14. f3 Qxh4 15.
fxg4 Kg7 16. Ne4 Qe7 17. Rf6 Nd7 18. g5 Rad8 19. Raf1 Nc5 20. Qf2 Rhf8 21. Qh4
Nxe4 22. Qh6+ Kg8 23. Bxe4 Qc7 24. b3 Qc5+ 25. Kh1 Qd4 26. Bc2 b5 27. h3 bxc4
28. Rxf7 Rxf7 29. Rxf7 Kxf7 30. Qxh7+ Kf8 31. Bxg6 Qd1+ 32. Kh2 1-0

[Event "16th Dubai Open 2014"]
[Site "Dubai UAE"]
[Date "2014.04.14"]
[Round "8.34"]
[White "Rodrigues, Inacio"]
[Black "Isaev, Jamshed"]
[Result "0-1"]
[WhiteElo "2019"]
[BlackElo "2331"]
[PlyCount "76"]
[EventDate "2014.04.07"]

1. d4 Nf6 2. Bf4 c5 3. e3 Qb6 4. Qc1 cxd4 5. exd4 Qxd4 6. Nf3 Qb6 7. Nc3 d6 8.
Bc4 Bg4 9. O-O Nc6 10. Ng5 e6 11. Re1 Be7 12. a4 O-O 13. Be2 Bxe2 14. Nxe2 Rac8
15. Be3 Qa5 16. Qd1 Ng4 17. Nf3 Nxe3 18. fxe3 Qb6 19. Ned4 Nxd4 20. exd4 Bf6
21. Ra3 Qxb2 22. Rb3 Qa2 23. Re2 b6 24. Qd3 Qa1+ 25. Kf2 Qxa4 26. Ra3 Qd7 27.
Nd2 d5 28. Nf3 Rc7 29. g4 h6 30. h4 Qe7 31. Kg3 Rfc8 32. Rb3 g6 33. Rh2 Qd6+
34. Kh3 Qf4 35. c3 Qe4 36. Rd2 Rc4 37. g5 hxg5 38. hxg5 Be7 0-1

[Event "16th Dubai Open 2014"]
[Site "Dubai UAE"]
[Date "2014.04.14"]
[Round "8.35"]
[White "Kjartansson, Gudmundur"]
[Black "Igonin, Temur"]
[Result "1-0"]
[WhiteElo "2440"]
[BlackElo "2194"]
[PlyCount "91"]
[EventDate "2014.04.07"]

1. Nf3 d5 2. g3 Bg4 3. Bg2 Nd7 4. O-O c6 5. d3 Ngf6 6. h3 Bh5 7. Qe1 e5 8. e4
dxe4 9. dxe4 Be7 10. a4 a5 11. Na3 O-O 12. Nc4 Qc7 13. Nh4 Rfe8 14. Bd2 b6 15.
Ne3 Nc5 16. Nef5 Bf8 17. g4 Bg6 18. Qe2 Nfd7 19. Rfd1 Ne6 20. Be3 Ndc5 21. b3
f6 22. Nxg6 hxg6 23. Ng3 Reb8 24. Qc4 Kh7 25. Bf1 b5 26. axb5 cxb5 27. Qc3 a4
28. bxa4 Nxa4 29. Qxc7 Nxc7 30. h4 Ne6 31. h5 Nc3 32. Rxa8 Rxa8 33. Rd7 Nc5 34.
hxg6+ Kxg6 35. Rc7 N5a4 36. g5 Nd1 37. Bc1 Bc5 38. Bh3 Bxf2+ 39. Kg2 Bxg3 40.
Bf5+ Kh5 41. Kxg3 Nac3 42. gxf6 Ne2+ 43. Kh2 Nxc1 44. fxg7 Ne3 45. Rc8 Rxc8 46.
Bxc8 1-0

[Event "16th Dubai Open 2014"]
[Site "Dubai UAE"]
[Date "2014.04.14"]
[Round "8.37"]
[White "Prince, Bajaj"]
[Black "Jacobson, Erik"]
[Result "1-0"]
[WhiteElo "2319"]
[BlackElo "2056"]
[PlyCount "73"]
[EventDate "2014.04.07"]

1. e4 c5 2. Nf3 Nc6 3. d4 cxd4 4. Nxd4 e5 5. Nb5 d6 6. N1c3 a6 7. Na3 b5 8. Nd5
Nce7 9. c4 Nxd5 10. exd5 bxc4 11. Nxc4 Nf6 12. Be2 Be7 13. Be3 Rb8 14. a4 O-O
15. O-O Bb7 16. Nb6 Nd7 17. a5 f5 18. Qa4 Nf6 19. f4 e4 20. b4 Rf7 21. Rfd1 Ng4
22. Bxg4 fxg4 23. Rac1 g5 24. f5 Bf6 25. Rc4 Qe7 26. Rdc1 g3 27. hxg3 Rd8 28.
Qc2 Qe5 29. Qxe4 Qxg3 30. Bf2 Qe5 31. Qxe5 dxe5 32. Rd1 Bg7 33. g4 h5 34. gxh5
Rxf5 35. Rc7 Rdf8 36. Bc5 Ba8 37. Bxf8 1-0

[Event "16th Dubai Open 2014"]
[Site "Dubai UAE"]
[Date "2014.04.14"]
[Round "8.38"]
[White "Makropoulou, Marina"]
[Black "Gulamali, Kazim"]
[Result "0-1"]
[WhiteElo "2201"]
[BlackElo "2293"]
[PlyCount "48"]
[EventDate "2014.04.07"]

1. e4 c5 2. Nf3 d6 3. d4 cxd4 4. Nxd4 Nf6 5. Nc3 a6 6. Bg5 e6 7. Qe2 h6 8. Bh4
b5 9. a3 Nbd7 10. O-O-O Bb7 11. f4 Qc7 12. g4 Rc8 13. Rg1 Be7 14. g5 hxg5 15.
Bxg5 Nc5 16. e5 dxe5 17. fxe5 Nfe4 18. Nxe4 Bxe4 19. Bxe7 Kxe7 20. Rg5 Rh4 21.
Qf2 Nb3+ 22. Kb1 Nxd4 23. Bd3 Bxd3 24. Rxd3 Rf4 0-1

[Event "16th Dubai Open 2014"]
[Site "Dubai UAE"]
[Date "2014.04.14"]
[Round "8.39"]
[White "Khademalsharieh, Sarasadat"]
[Black "Pratyusha, Bodda"]
[Result "1-0"]
[WhiteElo "2292"]
[BlackElo "2149"]
[PlyCount "75"]
[EventDate "2014.04.07"]

1. d4 d5 2. c4 c6 3. Nf3 Nf6 4. e3 Bf5 5. Nc3 e6 6. Nh4 Bg6 7. Be2 Nbd7 8. g3
Be7 9. O-O O-O 10. Nxg6 hxg6 11. b3 Qa5 12. Bd2 Qc7 13. Qc2 dxc4 14. Bxc4 e5
15. dxe5 Nxe5 16. Be2 Qd7 17. Kg2 Rad8 18. Rad1 c5 19. f4 Nc6 20. Bc1 Qc8 21.
Bf3 Qe6 22. h3 c4 23. bxc4 Qxc4 24. Qb3 Qxb3 25. axb3 Na5 26. Nd5 Nxd5 27. Bxd5
Bb4 28. Bb2 Rd7 29. e4 Rfd8 30. Rd3 Kf8 31. f5 gxf5 32. Rxf5 f6 33. g4 Rc8 34.
Rf2 Be1 35. Re2 Bb4 36. g5 f5 37. Rf3 g6 38. Be6 1-0